000 00777nam a2200217 a 4500
003 0
005 20250210143134.0
008 130129s19uu xx 00 eng d
050 _aPHS RA 784
_b.P236 2012
100 _aPark, Young Seok.
245 _aFood habits and sports preference /
_cPark Young Seok.
260 _aLas PiƱas City, Philippines :
_bSouthville International School and Colleges,
_c2012.
300 _a23 pages :
_billustrations ;
_c23 cm.
504 _aIncludes bibliographical references.
650 _aEating habits
_xInfluence.
650 _aHigh school students
_xAnalysis.
650 _aFood habits
_xPsychological aspects.
650 _aNutrition
_xInfluence on athletic performance.
650 _aSports
_xPsychological aspects.
942 _2lcc
_cPASS
999 _c98891
_d98891